000 00434nam a2200193Ia 4500
008 210210b1967 xxu||||| |||| 00| 0 eng d
041 _aeng
082 _a822/1360
100 _aFUNKE (Lewis)
245 _aGift of Joy Helen hayes
260 _aNew York
_bA Fawcett Crest Book
_c1967
650 _aof
650 _aJoy
650 _aHelen
650 _ahayes
650 _aGift
690 _aEnglish Prose
906 _a013541
999 _c132422
_d132422